000 00490ntaaa2200193 4500
003 01
005 20251027203137.0
008 0714s1973 ag 01
040 _aAR-BaBN
_bspa
_cAR-BaBN
_eaacr
_dRIC
082 _a780.7300 G12
100 _aGainza, Violeta Hemsy de
_94232
245 _aIniciación musical del niño
250 _a1 ed.
260 _aBuenos Aires :
_bRicordi Americana,
_c1964
300 _a244 p.
500 _atambién: 782.1200 G12i
650 _aMusica
942 _cBK
999 _c26807
_d26807